Countries With Most Dogs - Statistics

General Stats
  • This quiz has been taken 6,739 times
    6,733 since last reset
  • The average score is 11 of 15
Answer Stats
Hint Answer % Correct
22,908,000 China
96%
61,080,000 USA
92%
5,800,000 United Kingdom
91%
9,600,000 Russia
89%
8,150,000 France
87%
5,260,000 India
83%
6,855,000 Mexico
83%
30,051,000 Brazil
82%
9,650,000 Japan
81%
7,600,000 Italy
73%
7,520,000 Poland
48%
9,100,000 South Africa
44%
5,425,000 Ukraine
41%
6,900,000 Thailand
36%
6,579,000 Vietnam
33%
No matching quizzes found
Score Distribution
Percent of People with Each Score
Percentile by Number Answered
Your Score History
You have not taken this quiz since the last reset